Statistiken für Hauptstädte [Deutsch]

Klicken Sie hier um das Quiz zu spielen!

Allgemein

  • Dieses Quiz wurde 112 mal gespielt
  • Das Durchschnittsergebnis liegt bei 7 aus 10

Antwortstatistiken

FrageAntwort% Korrekt
Hauptstadt von MosambikMaputo
87%
Hauptstadt von Sierra LeoneFreetown
86%
Hauptstadt von Osttimor (Timor-Leste)Dili
81%
Hauptstadt von SurinameParamaribo
79%
Hauptstadt von SeychellenVictoria
76%
Hauptstadt von Kap VerdePraia
74%
Hauptstadt von TurkmenistanAşgabat
68%
Hauptstadt von SalomoneninselnHoniara
63%
Hauptstadt von St. LuciaCastries
50%
Hauptstadt von VanuatuPort Vila
50%

Verteilung der Resultate

Perzentil nach korrekt beantworteten Fragen

Anzahl Personen mit jedem Resultat

Ihre Resultats-Entwicklung

Sie haben dieses Quiz noch nicht gespielt